01576nam a2200289 a 4500001001000000005001700010008004100027041000800068044000700076084002200083245005700105260001700162300002600179500005000205500033200255500005900587500004700646500004300693500002800736500018100764506009200945546005101037600004301088650001301131651007501144651006701219BRCA_495320190320204856.0221010s1662----sp-######v---#000-0#spa-# aspa asp aDOC52b.D63c166210aDocumento firmado por el [Rey Felipe IV]cFelipe IV. aMadridc1662 a[4] fojasc30 x 21 cm aDocumento firmado el 10 de septiembre de 1662 aComunicación dirigida a los Virreyes, Presidentes y Gobernadores a las provincias de Perú y Nueva España, demandando que todos los efectos aplicados para la Armada de Barlovento se envíen a éstos Reynos por cuenta parte para que se vuelva a formar la Armada de nuevo como el Rey lo tenía. Firmado como ´Yo el Rey´ aEl documento tiene el sello oficial en las fojas 1 y 4 a[Real cédula] firmada como ´Yo el Rey´ aEl documento tiene la leyenda DOC. #62 aPapel con marca de agua aEstado de conservación: Contiene manchas de acidificación, lagunas, roturas, anotaciones de tinta roja, subrayado, injerto en la foja dos y los márgenes estan maltratados0 aFondo reservado: para su consulta es necesario credencial de usuario y carta de motivos aTexto en: español de mediados del siglo XVII14aFelipebIVcRey de Españad1605-166514aMéxico 4aEspañavImpreso con rúbricasxHistoriayCasa de Austria, 1516-1700 4aMéxicovImpreso con rúbricasxHistoriayColonia, 1521-1821